000
00268nam a22001217a 4500
008
180803b xxu||||| |||| 00| 0 eng d
082
_a
813.52
245
_a
Evolve select
_c
ELSEVIER
260
_c
2007
300
_a
6
_f
CD
440
_x
9781416045830
942
_2
ddc
_c
MX
999
_c
46777
_d
46777